000
00249nam a2200097Ia 4500
082
_a
EF|ANDR
245
0
_a
On the edge
100
_a
Andrews, Ilona New York, [c.2009]
_9
55495
942
_c
BK
008
210817s9999 xx 000 0 und d
999
_c
174527
_d
174526